[Event "Berlin op 05"]
[Site "Berlin"]
[Date "2006.05.26"]
[Round "4"]
[White "Meissner, Jan Eric"]
[Black "Czikuss, Hans Joachim"]
[Result "0-1"]
[WhiteElo "1490"]
[BlackElo "1867"]
[PlyCount "106"]
[EventDate "2006.05.24"]
[EventType "swiss"]
[EventRounds "7"]
[EventCountry "GER"]
[SourceTitle "EXT 2007"]
[Source "ChessBase"]
[SourceDate "2006.11.23"]
[SourceVersion "1"]
[SourceVersionDate "2006.11.23"]
[SourceQuality "1"]

1. e4 c5 2. Nf3 Nc6 3. d4 cxd4 4. Nxd4 g6 5. Nc3 Bg7 6. Be3 Nf6 7. f3 0-0 8. Qd2 d5 9. Nxc6 bxc6 10. 0-0-0 Be6 11. Bh6 Qa5 12. Bxg7 Kxg7 13. exd5 cxd5 14. Qd4 Rfc8 15. g4 Kg8 16. g5 Nh5 17. Nxd5 Bxd5 18. Qxd5 Qc7 19. c3 a5 20. Qd7 Qf4+ 21. Qd2 Qa4 22. b3 Qa3+ 23. Qb2 Rxc3+ 24. Kb1 Qc5 25. Rc1 Qf5+ 26. Ka1 Rxc1+ 27. Qxc1 a4 28. Bc4 axb3 29. Bxb3 Rc8 30. Qe3 e6 31. h4 Ng7 32. Rd1 Qa5 33. f4 Nf5 34. Qe5 Qxe5+ 35. fxe5 Nxh4 36. Rd6 Rc5 37. Rd8+ Kg7 38. Rd4 Nf3 39. Rb4 Nxg5 40. a4 Ra5 41. Rb5 Rxb5 42. axb5 Ne4 43. b6 Nc5 44. Bd1 g5 45. Bf3 f5 46. exf6+ Kxf6 47. b7 Nxb7 48. Bxb7 h5 49. Kb2 Ke5 50. Kc2 Kf4 51. Kd2 e5 52. Ke2 Kg3 53. Ke3 g4 0-1

[Event "Berlin-ch U18"]
[Site "Berlin"]
[Date "2006.02.04"]
[Round "7.10"]
[White "Meissner, Jan Eric"]
[Black "Mirea, Jakob"]
[Result "0-1"]
[WhiteElo "1425"]
[BlackElo "1537"]
[PlyCount "110"]
[EventDate "2006.01.29"]
[EventType "swiss"]
[EventRounds "7"]
[EventCountry "GER"]
[SourceTitle "EXT 2022"]
[Source "ChessBase"]
[SourceDate "2021.10.06"]
[SourceVersion "1"]
[SourceVersionDate "2021.10.06"]
[SourceQuality "1"]

1. e4 c6 2. d4 d5 3. Nc3 dxe4 4. Nxe4 Bf5 5. Ng3 Bg6 6. Nf3 Nf6 7. Bd3 e6 8. 0-0 Nbd7 9. b3 c5 10. dxc5 Bxc5 11. Bb2 0-0 12. Bxg6 hxg6 13. Qe2 Qc7 14. Rfd1 Bb4 15. c4 Qa5 16. a3 Be7 17. b4 Qc7 18. Nd4 Nb6 19. Rac1 Rfd8 20. Nb5 Rxd1+ 21. Qxd1 Qf4 22. Qd4 Qxd4 23. Bxd4 Nfd7 24. Ne4 a6 25. Nbc3 Nxc4 26. Nb1 Rc8 27. Ned2 Ncb6 28. Rxc8+ Nxc8 29. Nc4 Bf6 30. Be3 Ne5 31. Na5 b6 32. Nb7 Kf8 33. a4 Ke7 34. a5 bxa5 35. bxa5 Nc4 36. Kf1 Kd7 37. Nc5+ Kc6 38. Nxa6 Nxe3+ 39. fxe3 Kb5 40. Nb8 Kxa5 41. Nd7 Kb5 42. Nd2 Kc6 43. Nxf6 gxf6 44. Ne4 f5 45. Ng5 Nd6 46. Ke2 Kd5 47. g3 Ke5 48. Nh7 Ne4 49. Kf3 Kd6 50. h4 Ke7 51. Ng5 Nxg5+ 52. hxg5 f6 53. gxf6+ Kxf6 54. Kf2 Ke5 55. Kf3 g5 0-1

[Event "Berlin-ch U18"]
[Site "Berlin"]
[Date "2006.01.29"]
[Round "1.7"]
[White "Zur, Jan"]
[Black "Meissner, Jan Eric"]
[Result "1-0"]
[WhiteElo "1845"]
[BlackElo "1425"]
[PlyCount "59"]
[EventDate "2006.01.29"]
[EventType "swiss"]
[EventRounds "7"]
[EventCountry "GER"]
[SourceTitle "EXT 2022"]
[Source "ChessBase"]
[SourceDate "2021.10.06"]
[SourceVersion "1"]
[SourceVersionDate "2021.10.06"]
[SourceQuality "1"]

1. e4 c5 2. Nf3 Nc6 3. d4 cxd4 4. Nxd4 Nf6 5. Nc3 e5 6. Ndb5 d6 7. Bg5 a6 8. Na3 b5 9. Nd5 Be7 10. Bxf6 Bxf6 11. c3 Bb7 12. Nc2 Ne7 13. Nxf6+ gxf6 14. Bd3 d5 15. f3 f5 16. Qe2 fxe4 17. fxe4 dxe4 18. Bxe4 Bxe4 19. Qxe4 Qd5 20. Qe2 Nc6 21. 0-0 Rd8 22. Qf2 Rf8 23. a3 a5 24. Rae1 f5 25. Ne3 Qe6 26. Nxf5 Qg6 27. Qc5 Rxf5 28. Rxf5 Qxf5 29. Qxc6+ Ke7 30. Qc7+ 1-0

[Event "Berlin-ch U16"]
[Site "Berlin"]
[Date "2004.02.05"]
[Round "5"]
[White "Meissner, Jan Eric"]
[Black "Mirea, Jakob"]
[Result "0-1"]
[WhiteElo "1291"]
[BlackElo "1430"]
[PlyCount "72"]
[EventDate "2004.04.??"]
[EventType "swiss"]
[EventRounds "7"]
[EventCountry "GER"]
[SourceTitle "EXT 2005"]
[Source "ChessBase"]
[SourceDate "2004.11.15"]
[SourceVersion "1"]
[SourceVersionDate "2004.11.15"]
[SourceQuality "1"]

1. e4 e5 2. Nf3 Nc6 3. Bc4 Nf6 4. d3 Bc5 5. Nc3 d6 6. Be3 Bxe3 7. fxe3 Na5 8. Bb3 Nxb3 9. axb3 0-0 10. 0-0 Re8 11. d4 exd4 12. Qxd4 Qe7 13. Nd2 a6 14. Rf4 Qe5 15. Raf1 Be6 16. Nf3 Qh5 17. e5 dxe5 18. Nxe5 Rad8 19. Qc5 Ng4 20. h3 Qxe5 21. Qxe5 Nxe5 22. Ne4 Ng6 23. R4f2 Bd5 24. Nc3 Rxe3 25. Nxd5 Rxd5 26. Rxf7 Re7 27. R7f2 Rde5 28. h4 Re1 29. h5 Rxf1+ 30. Kxf1 Nf8 31. g4 Rf7 32. Rxf7 Kxf7 33. Kf2 Kf6 34. Kf3 Kg5 35. c4 Nd7 36. Kg3 Ne5 0-1